| 000 | 01047nam a22003017a 4500 | ||
|---|---|---|---|
| 001 | 9121 | ||
| 003 | FISKH | ||
| 005 | 20251124101757.0 | ||
| 008 | 251124b cb ||||| |||| 00| 0 eng d | ||
| 020 | _a9781491410684 | ||
| 040 |
_aFISKH _beng _cFISKH _dFISKH |
||
| 050 | _aQC73.4 .S57 | ||
| 082 | _a531.6 | ||
| 100 |
_aSlade, Suzanne _eAuthor |
||
| 245 |
_aZap! : _bWile E. Coyote experiments with energy / _cby Suzanne Slade ; illustrated by Andrés Martínez Ricci |
||
| 260 |
_aMinnesota : _bCapstone Press , _c2014 |
||
| 300 |
_a32 pages : _bcolor illustrations ; _c23 cm |
||
| 490 | _aWile E. Coyote, physical science genius | ||
| 505 | _aL | ||
| 520 | _a"Uses popular cartoon character Wile E. Coyote to demonstrate science concepts involved with energy"--Provided by publisher."-- | ||
| 521 | 8 |
_a600
_bLexile estimate |
|
| 521 | 8 |
_aL
_bRaz-Plus |
|
| 650 |
_aChildren's science _vPhysics |
||
| 650 |
_aRenewable energy _vCartoons |
||
| 700 |
_aRicci, Andrés Martínez _eIllustrator |
||
| 942 |
_2ddc _cBK _n0 |
||
| 999 |
_c9121 _d9121 |
||